Biggest Country by Letter - Statistics

General Stats
  • This quiz has been taken 40 times
  • The average score is 22 of 24
Answer Stats
Hint Answer % Correct
A Australia
100%
E Ethiopia
97%
F France
97%
I India
97%
O Oman
97%
Q Qatar
97%
V Venezuela
97%
C Canada
95%
H Honduras
95%
J Japan
95%
R Russia
95%
Y Yemen
95%
B Brazil
92%
G Germany
92%
K Kazakhstan
92%
U USA
92%
Z Zambia
92%
N Niger
89%
D D.R. Congo
86%
L Libya
84%
M Mexico
84%
P Peru
84%
T Tanzania
84%
S Saudi Arabia
73%
No matching quizzes found
Score Distribution
Percent of People with Each Score
Percentile by Number Answered
Your Score History
You have not taken this quiz